Introduction to business : a systems approach

Salvato in:
Dettagli Bibliografici
Autore principale: Deep, Samuel D.
Altri autori: Brinckloe, William D.
Natura: Libro
Pubblicazione: Englewood Cliffs, N.J. : Prentice-Hall, c1974
Soggetti:
Tags: Aggiungi Tag
Nessun Tag, puoi essere il primo ad aggiungerne!!

MARC

LEADER 00000pam a2200000 4500
020 |a 0134785290 
040 |a MUL  |b eng  |e AACR 
082 0 0 |a 330 DEE 
100 1 |a Deep, Samuel D. 
245 1 0 |a Introduction to business :  |b a systems approach  |c / Samuel D. Deep and William D. Brinckloe. 
260 |a Englewood Cliffs, N.J. :   |b Prentice-Hall,  |c c1974 
300 |a xi, 496 p. :   |b ill. ;   |c 24 cm. 
504 |a Includes bibliographical references. 
650 0 |a Business. 
650 0 |a Business sustems 
700 1 |a Brinckloe, William D., 
942 |c BK 
999 |c 7758  |d 7758